|
|
|
|
| LEADER |
01504nam a2200373 a 4500 |
| 001 |
000678629 |
| 003 |
CZ BrMZK |
| 005 |
20080926102430.0 |
| 007 |
ta |
| 008 |
030721s2003 xr a c 000 j cze d |
| 015 |
|
|
|a cnb001277698
|
| 020 |
|
|
|a 80-86391-08-6
|q (váz.)
|
| 035 |
|
|
|a (OCoLC)53543085
|
| 040 |
|
|
|a BOA001
|b cze
|
| 072 |
|
7 |
|a 821-93
|x Literatura pro děti a mládež (beletrie)
|2 Konspekt
|9 26
|
| 072 |
|
7 |
|a 821.162.3-3
|x Česká próza
|2 Konspekt
|9 25
|
| 080 |
|
|
|a 821-93
|2 MRF
|
| 080 |
|
|
|a 821.162.3-32
|2 MRF
|
| 080 |
|
|
|a (0:82-321.3)
|2 MRF
|
| 100 |
1 |
|
|a Ivanov, Miroslav,
|d 1929-1999
|7 jk01050574
|4 aut
|
| 245 |
1 |
0 |
|a Jak ledňáček bloudil Prahou ;
|b Všude čeká dobrodružství /
|c Miroslav Ivanov ; [ilustrace Jiří Fixl]
|
| 250 |
|
|
|a Jak ledňáček bloudil Prahou 2. vyd., Všude čeká dobrodružství 3. vyd.
|
| 260 |
|
|
|a Pelhřimov :
|b Vydavatelství 999,
|c 2003
|
| 300 |
|
|
|a 226 s. :
|b barev. il. ;
|c 21 cm
|
| 500 |
|
|
|a 2 500 výt.
|
| 655 |
|
7 |
|a české příběhy
|7 fd133973
|2 czenas
|
| 655 |
|
7 |
|a dobrodružné příběhy
|7 fd132060
|2 czenas
|
| 655 |
|
7 |
|a publikace pro děti
|7 fd133156
|2 czenas
|
| 700 |
1 |
|
|a Fixl, Jiří,
|d 1950-
|7 jk01031364
|4 ill
|
| 740 |
0 |
2 |
|a Všude čeká dobrodružství
|
| 856 |
4 |
1 |
|u http://www.digitalniknihovna.cz/mzk/uuid/uuid:9a1cdf50-6a32-11e4-b202-005056827e52
|y Digitalizovaný dokument
|x NDK
|
| 910 |
|
|
|a BOA001
|b 2-1122.021
|
| 990 |
|
|
|a BK
|
| 996 |
6 |
|
|b 2610195801
|c 2-1122.021
|l MZK
|r Sklad / do 1 hodiny
|n 1
|p p.v.
|w 000678629
|u 000010
|a 1
|e BOA001
|j MZK50
|s P
|